Ceny - teória a prax obchodné podnikanie, účtovníctvo, dane, audit, kontrola

Gespeichert in:
Bibliographische Detailangaben
1. Verfasser: Oláh, Michal
Weitere Verfasser: Boržík, Ondrej
Format: Buch
Sprache:Slowakisch
Veröffentlicht: Bratislava Royal Service 2000
Schlagworte:
Tags: Tag hinzufügen
Keine Tags, Fügen Sie das erste Tag hinzu!

MARC

LEADER 00000nam a2200000 4500
001 c129704
005 20221123132558.3
020 |a 80-968379-0-7 
041 0 |a slo 
044 |a SK 
245 1 0 |a Ceny - teória a prax  |b obchodné podnikanie, účtovníctvo, dane, audit, kontrola  |c Michal Oláh, Ondrej Boržík 
264 1 |a Bratislava  |b Royal Service  |c 2000 
300 |a 261 s. 
610 2 0 |a ceny 
610 2 0 |a podnikanie obchodné 
610 2 0 |a evidencia účtovná 
610 2 0 |a dane 
610 2 0 |a audit 
610 2 0 |a kontrola 
610 2 0 |a tvorba cien 
610 2 0 |a politika cenová 
610 2 0 |a regulácia cenová 
610 2 0 |a účtovníctvo 
610 2 0 |a kontrola cenová 
100 1 |a Oláh, Michal 
700 1 |a Boržík, Ondrej